[Event "35. Open Ciutat de Badalona"]
[Site "Badalona ESP"]
[Date "2009.08.07"]
[Round "7.9"]
[White "Munoz Pantoja, Miguel"]
[Black "Kulkarni, Chinmay"]
[Result "1-0"]
[WhiteElo "2427"]
[BlackElo "2259"]
[PlyCount "53"]
[EventDate "2009.08.01"]
[EventType "swiss"]
[EventRounds "9"]
[EventCountry "ESP"]
[Source "lmi"]
[SourceDate "2009.08.01"]

1. e4 c5 2. g3 Nc6 3. Bg2 g6 4. Ne2 Bg7 5. c3 e5 6. d3 Nge7 7. Be3 d6 8. O-O
O-O 9. f4 Bg4 10. h3 exf4 11. gxf4 Be6 12. Nd2 f5 13. Nf3 h6 14. Ng3 Kh7 15.
Kh2 Rc8 16. h4 d5 17. e5 d4 18. Bf2 Nd5 19. Qd2 c4 20. dxc4 dxc3 21. bxc3 Nb6
22. Qxd8 Rfxd8 23. c5 Na4 24. h5 Ne7 25. Nd4 Bc4 26. hxg6+ Kxg6 27. Rg1 1-0

[Event "35. Open Ciutat de Badalona"]
[Site "Badalona ESP"]
[Date "2009.08.07"]
[Round "7.10"]
[White "Alonso Castillo, Sergio"]
[Black "Satyapragyan, Swayangsu"]
[Result "0-1"]
[WhiteElo "2092"]
[BlackElo "2423"]
[PlyCount "66"]
[EventDate "2009.08.01"]
[EventType "swiss"]
[EventRounds "9"]
[EventCountry "ESP"]
[Source "lmi"]
[SourceDate "2009.08.01"]

1. e4 c5 2. c3 b6 3. d4 Bb7 4. Bd3 Nf6 5. Nd2 e6 6. Ngf3 d5 7. e5 Nfd7 8. Qe2
Nc6 9. a3 a5 10. O-O Be7 11. Re1 c4 12. Bc2 b5 13. Nf1 Nb6 14. N3d2 b4 15. axb4
axb4 16. Rxa8 Qxa8 17. f4 g6 18. g4 Qa1 19. Qf3 b3 20. Bb1 Na4 21. f5 Nxb2 22.
Bxb2 Qxb2 23. Qh3 Kd7 24. Re2 Qc1 25. fxg6 fxg6 26. Rf2 b2 27. Kg2 Ra8 28. Qf3
Ra1 29. Ng3 Rxb1 30. Nxb1 Qxb1 31. Qe2 Ba3 32. Rf7+ Ne7 33. Rf1 Qc1 0-1

[Event "35. Open Ciutat de Badalona"]
[Site "Badalona ESP"]
[Date "2009.08.08"]
[Round "8.1"]
[White "Panchanathan, Magesh Chandran"]
[Black "Cruz, Cristhian"]
[Result "0-1"]
[WhiteElo "2493"]
[BlackElo "2525"]
[PlyCount "60"]
[EventDate "2009.08.01"]
[EventType "swiss"]
[EventRounds "9"]
[EventCountry "ESP"]
[Source "lmi"]
[SourceDate "2009.08.01"]

1. e4 c5 2. Nf3 d6 3. d4 cxd4 4. Nxd4 Nf6 5. Nc3 a6 6. Be2 e5 7. Nb3 Be7 8. Bg5
Be6 9. Qd3 Nbd7 10. O-O O-O 11. a4 Rc8 12. Bxf6 Nxf6 13. Nd5 Nxd5 14. exd5 Bd7
15. c4 Kh8 16. a5 f5 17. Nd2 e4 18. Qb3 Bf6 19. Rfd1 Rb8 20. Qa3 Be5 21. c5 Qh4
22. g3 Qf6 23. Nc4 f4 24. Nxe5 dxe5 25. gxf4 exf4 26. Qc3 Qh4 27. c6 bxc6 28.
dxc6 Bh3 29. Kh1 f3 30. c7 Qxf2 0-1

[Event "35. Open Ciutat de Badalona"]
[Site "Badalona ESP"]
[Date "2009.08.08"]
[Round "8.2"]
[White "Brandenburg, Daan"]
[Black "Almeida Quintana, Omar"]
[Result "1/2-1/2"]
[WhiteElo "2463"]
[BlackElo "2524"]
[PlyCount "98"]
[EventDate "2009.08.01"]
[EventType "swiss"]
[EventRounds "9"]
[EventCountry "ESP"]
[Source "lmi"]
[SourceDate "2009.08.01"]

1. e4 g6 2. d4 Bg7 3. c3 d6 4. Nf3 Nf6 5. Bd3 O-O 6. O-O Nc6 7. h3 e5 8. Bg5 h6
9. Bh4 Qe8 10. dxe5 dxe5 11. Na3 Be6 12. Qc2 Nh5 13. Rfe1 Nf4 14. Nc4 f5 15.
exf5 Nxd3 16. Qxd3 Bxf5 17. Qe2 e4 18. Nfd2 b5 19. Na3 b4 20. Nb5 bxc3 21. bxc3
Qf7 22. Bg3 Rab8 23. Nxc7 Rb2 24. Qc4 Rxd2 25. Qxc6 Rc8 26. Red1 Rd3 27. Rxd3
exd3 28. Qc5 d2 29. Rd1 Rd8 30. Bd6 Qxa2 31. Nd5 Kh7 32. c4 a5 33. Bf4 Rc8 34.
Qe7 Qb2 35. Bxh6 Rxc4 36. Bxg7 Qxg7 37. Qxg7+ Kxg7 38. Rxd2 a4 39. Kh2 a3 40.
Ne3 Ra4 41. Nxf5+ gxf5 42. Ra2 Kf6 43. Kg3 Ke5 44. h4 Kd5 45. Ra1 a2 46. h5 Ke5
47. Kf3 Kf6 48. Ke3 Kg5 49. Kd3 Kxh5 1/2-1/2

[Event "35. Open Ciutat de Badalona"]
[Site "Badalona ESP"]
[Date "2009.08.08"]
[Round "8.3"]
[White "Narciso Dublan, Marc"]
[Black "Bacallao Alonso, Yusnel"]
[Result "0-1"]
[WhiteElo "2553"]
[BlackElo "2467"]
[PlyCount "75"]
[EventDate "2009.08.01"]
[EventType "swiss"]
[EventRounds "9"]
[EventCountry "ESP"]
[Source "lmi"]
[SourceDate "2009.08.01"]

1. d4 Nf6 2. c4 g6 3. Nc3 d5 4. cxd5 Nxd5 5. Na4 Bg7 6. e4 Nb6 7. Be3 O-O 8.
Nf3 Nc6 9. Nc5 Bg4 10. Nxb7 Qb8 11. Ba6 f5 12. exf5 Bxf3 13. gxf3 Rxf5 14. Nc5
Nxd4 15. Bxd4 Rd5 16. Qb3 Bxd4 17. Nd7 Qd8 18. Nxb6 axb6 19. Bb7 Raa5 20. Bxd5+
Rxd5 21. O-O-O Kg7 22. Rhe1 c6 23. Rd2 Qd6 24. Kb1 Qf6 25. Re4 e5 26. Qd1 Qf5
27. Qe2 Rd7 28. Rc2 c5 29. a3 Rf7 30. f4 exf4 31. Qf3 Qd5 32. Rce2 b5 33. Qd3
f3 34. Rd2 Qf5 35. b4 Bf6 36. bxc5 Qxc5 37. Rc2 Qh5 38. Qe3 0-1

[Event "35. Open Ciutat de Badalona"]
[Site "Badalona ESP"]
[Date "2009.08.08"]
[Round "8.4"]
[White "Peralta, Fernando"]
[Black "Sundararajan, Kidambi"]
[Result "0-1"]
[WhiteElo "2574"]
[BlackElo "2506"]
[PlyCount "112"]
[EventDate "2009.08.01"]
[EventType "swiss"]
[EventRounds "9"]
[EventCountry "ESP"]
[Source "lmi"]
[SourceDate "2009.08.01"]

1. d4 Nf6 2. c4 e6 3. Nc3 Bb4 4. e3 O-O 5. Bd3 c5 6. Nf3 d5 7. O-O Nc6 8. a3
Bxc3 9. bxc3 dxc4 10. Bxc4 Qc7 11. Bb2 e5 12. h3 Bf5 13. Bb5 e4 14. Nd2 Rfd8
15. Qe2 a6 16. Bxc6 Qxc6 17. c4 cxd4 18. exd4 Qb6 19. Bc3 Qc7 20. Rac1 Bg6 21.
Rfe1 Re8 22. Qe3 Nh5 23. d5 f5 24. c5 f4 25. Qd4 f3 26. Nxe4 fxg2 27. Nd6 Rf8
28. Qe5 Qxc5 29. Bd4 Qxa3 30. Qe6+ Kh8 31. Rc7 Qd3 32. Qe3 Rf3 33. Qxd3 Rxd3
34. Be5 Rxd5 35. Rxb7 Rf8 36. Rb2 h6 37. Rb4 Rd2 38. Rg4 Rdxf2 39. Rxg2 Rxg2+
40. Kxg2 Nf4+ 41. Kg3 Nd3 42. Re3 Nxe5 43. Rxe5 Rf6 44. Rd5 Kg8 45. Nc4 Kh7 46.
Rc5 Be4 47. Ne5 Rf5 48. h4 h5 49. Ra5 g6 50. Rc5 Kh6 51. Kh3 Kg7 52. Rc7+ Kf6
53. Nd7+ Ke6 54. Nc5+ Kd6 55. Nxa6 Ra5 56. Rf7 Bf5+ 0-1

[Event "35. Open Ciutat de Badalona"]
[Site "Badalona ESP"]
[Date "2009.08.08"]
[Round "8.5"]
[White "Vedder, Richard"]
[Black "Garcia Castro, Pablo"]
[Result "1/2-1/2"]
[WhiteElo "2333"]
[BlackElo "2390"]
[PlyCount "65"]
[EventDate "2009.08.01"]
[EventType "swiss"]
[EventRounds "9"]
[EventCountry "ESP"]
[Source "lmi"]
[SourceDate "2009.08.01"]

1. b3 e5 2. Bb2 d6 3. e3 Nf6 4. d4 Nbd7 5. Ne2 b6 6. d5 g6 7. c4 h5 8. Nbc3 h4
9. Qc2 Nh5 10. g4 hxg3 11. hxg3 Nc5 12. b4 Nb7 13. O-O-O a5 14. a3 axb4 15.
axb4 Qf6 16. f4 Nxf4 17. Ne4 Qg7 18. Rxh8 Nxe2+ 19. Bxe2 Qxh8 20. c5 bxc5 21.
Bb5+ Kd8 22. bxc5 Nxc5 23. Nxc5 dxc5 24. d6 Bxd6 25. Qxc5 Bd7 26. Rxd6 cxd6 27.
Qxd6 Rc8+ 28. Kb1 Qh1+ 29. Ka2 Qa8+ 30. Ba3 Qg2+ 31. Bb2 Qa8+ 32. Ba3 Qg2+ 33.
Bb2 1/2-1/2

[Event "35. Open Ciutat de Badalona"]
[Site "Badalona ESP"]
[Date "2009.08.08"]
[Round "8.6"]
[White "Satyapragyan, Swayangsu"]
[Black "Panelo, Marcelo"]
[Result "1/2-1/2"]
[WhiteElo "2423"]
[BlackElo "2448"]
[PlyCount "74"]
[EventDate "2009.08.01"]
[EventType "swiss"]
[EventRounds "9"]
[EventCountry "ESP"]
[Source "lmi"]
[SourceDate "2009.08.01"]

1. e4 c5 2. Nf3 d6 3. d4 Nf6 4. Nc3 cxd4 5. Nxd4 a6 6. h3 e6 7. g4 d5 8. exd5
Nxd5 9. Bd2 Bb4 10. Bg2 Nxc3 11. bxc3 Be7 12. Rb1 Qc7 13. O-O O-O 14. Qe2 Nd7
15. Rfe1 Nc5 16. Nf5 Bf6 17. Ng3 g6 18. Qc4 b5 19. Qf4 Qxf4 20. Bxf4 Ra7 21.
Be3 Be7 22. Red1 Bb7 23. c4 Bxg2 24. Kxg2 Rc8 25. cxb5 axb5 26. Rxb5 Rxa2 27.
Bxc5 Bxc5 28. Ne4 Rxc2 29. Rd7 Rc4 30. Kf3 Ba3 31. Rbb7 Rf8 32. Nf6+ Kg7 33.
Ne4 h6 34. Ra7 Bb4 35. Ra4 Rfc8 36. Raa7 Rf8 37. Ra4 Rfc8 1/2-1/2

[Event "35. Open Ciutat de Badalona"]
[Site "Badalona ESP"]
[Date "2009.08.08"]
[Round "8.7"]
[White "Matsenko, Sergei"]
[Black "Munoz Pantoja, Miguel"]
[Result "0-1"]
[WhiteElo "2432"]
[BlackElo "2427"]
[PlyCount "190"]
[EventDate "2009.08.01"]
[EventType "swiss"]
[EventRounds "9"]
[EventCountry "ESP"]
[Source "lmi"]
[SourceDate "2009.08.01"]

1. e4 d5 2. exd5 Qxd5 3. Nc3 Qa5 4. d4 Nf6 5. Nf3 Bg4 6. h3 Bxf3 7. Qxf3 c6 8.
Bd2 Nbd7 9. O-O-O e6 10. Kb1 Bb4 11. a3 Bxc3 12. Bxc3 Qd5 13. Be2 O-O 14. g4 a5
15. Bd2 b5 16. Qxd5 Nxd5 17. h4 b4 18. Rh3 Rab8 19. g5 Rfc8 20. axb4 axb4 21.
Bc4 N7b6 22. Bb3 c5 23. dxc5 Rxc5 24. Rd3 g6 25. Rd4 Rb5 26. Bf4 Rc8 27. Bd6
Rc6 28. Be5 Kf8 29. h5 Ke7 30. hxg6 hxg6 31. f4 Rc8 32. Rh1 Ra5 33. Rh8 Raa8
34. Rxc8 Rxc8 35. Kc1 Ra8 36. Kd2 Ra1 37. c4 bxc3+ 38. bxc3 Rg1 39. c4 Rg2+ 40.
Kc1 f6 41. gxf6+ Nxf6 42. Bxf6+ Kxf6 43. c5 Nd5 44. Bxd5 exd5 45. Rxd5 Ke6 46.
c6 Kxd5 47. c7 Rg1+ 48. Kc2 Rg2+ 49. Kc3 Rg3+ 50. Kb4 Rg4 51. c8=Q Rxf4+ 52.
Kc3 Ke5 53. Kd3 Kf6 54. Qd8+ Kg7 55. Ke3 Rf5 56. Ke4 Kh7 57. Qe7+ Kg8 58. Qc7
Kh8 59. Qh2+ Kg7 60. Qh4 Rh5 61. Qe7+ Kg8 62. Qf6 Kh7 63. Qe7+ Kg8 64. Kf4 Rf5+
65. Kg4 Kh8 66. Qc7 Kg8 67. Qc3 Kh7 68. Qd2 Kg7 69. Qh2 Rh5 70. Qc7+ Kg8 71.
Qd8+ Kg7 72. Qe7+ Kg8 73. Qf6 Kh7 74. Qf7+ Kh6 75. Qg8 Rg5+ 76. Kf4 Rf5+ 77.
Ke4 Kh5 78. Qh7+ Kg5 79. Qh8 Rb5 80. Qd8+ Kh6 81. Qd2+ g5 82. Qd6+ Kh5 83. Qf8
Ra5 84. Qf7+ Kh6 85. Qe8 Ra6 86. Kf5 Ra5+ 87. Kf6 Ra6+ 88. Kf7 Ra7+ 89. Kf8 Ra1
90. Kg8 Ra7 91. Qc6+ Kh5 92. Qh1+ Kg6 93. Qe4+ Kh5 94. Qd4 Ra5 95. Kg7 g4 0-1

[Event "35. Open Ciutat de Badalona"]
[Site "Badalona ESP"]
[Date "2009.08.08"]
[Round "8.10"]
[White "Vehi Bach, Victor Manuel"]
[Black "Lasinskas, Povilas"]
[Result "0-1"]
[WhiteElo "2387"]
[BlackElo "2268"]
[PlyCount "92"]
[EventDate "2009.08.01"]
[EventType "swiss"]
[EventRounds "9"]
[EventCountry "ESP"]
[Source "lmi"]
[SourceDate "2009.08.01"]

1. e4 e5 2. Nf3 d6 3. d4 Nd7 4. Bc4 c6 5. O-O Qc7 6. a4 Be7 7. Nc3 Ngf6 8. Re1
O-O 9. h3 b6 10. Ba2 Bb7 11. Be3 a6 12. Nd2 c5 13. d5 Ne8 14. Bc4 g6 15. Bh6
Ng7 16. Nf1 Kh8 17. Nh2 Nf6 18. Qd3 Ng8 19. Bd2 f5 20. exf5 gxf5 21. f4 e4 22.
Qe2 Bc8 23. Nd1 a5 24. c3 Bh4 25. Rf1 Bd7 26. Bb5 Nf6 27. Ne3 Ngh5 28. Be1 Bg3
29. Bxd7 Qxd7 30. Nc4 Rab8 31. Qd2 Rg8 32. Bxg3 Rxg3 33. Ne3 Rbg8 34. Kh1 Qg7
35. Rf2 Qg6 36. Rd1 Nd7 37. b3 h6 38. Re1 Kh7 39. Rd1 Nxf4 40. Rxf4 Rxe3 41.
Qf2 Rxc3 42. Rxf5 e3 43. Rf7+ Kh8 44. Qb2 Ne5 45. Ng4 e2 46. Re1 Rc2 0-1

[Event "35. Open Ciutat de Badalona"]
[Site "Badalona ESP"]
[Date "2009.08.09"]
[Round "9.1"]
[White "Cruz, Cristhian"]
[Black "Almeida Quintana, Omar"]
[Result "1/2-1/2"]
[WhiteElo "2525"]
[BlackElo "2524"]
[PlyCount "52"]
[EventDate "2009.08.01"]
[EventType "swiss"]
[EventRounds "9"]
[EventCountry "ESP"]
[Source "lmi"]
[SourceDate "2009.08.01"]

1. d4 Nf6 2. c4 c5 3. d5 e6 4. Nc3 exd5 5. cxd5 d6 6. Nf3 g6 7. h3 Bg7 8. e4
O-O 9. Bd3 b5 10. Bxb5 Nxe4 11. Nxe4 Qa5+ 12. Nfd2 Qxb5 13. Nxd6 Qa6 14. N2c4
Nd7 15. O-O Nb6 16. Nxb6 Qxb6 17. Nxc8 Raxc8 18. Qf3 Rfd8 19. Rd1 Bd4 20. Rb1
Qd6 21. Be3 Qxd5 22. Qxd5 Rxd5 23. Rd2 Rd6 24. Rbd1 Ra6 25. Bxd4 cxd4 26. Rxd4
Rxa2 1/2-1/2

[Event "35. Open Ciutat de Badalona"]
[Site "Badalona ESP"]
[Date "2009.08.09"]
[Round "9.2"]
[White "Panchanathan, Magesh Chandran"]
[Black "Brandenburg, Daan"]
[Result "1-0"]
[WhiteElo "2493"]
[BlackElo "2463"]
[PlyCount "119"]
[EventDate "2009.08.01"]
[EventType "swiss"]
[EventRounds "9"]
[EventCountry "ESP"]
[Source "lmi"]
[SourceDate "2009.08.01"]

1. Nf3 Nf6 2. g3 d5 3. Bg2 e6 4. O-O Be7 5. d4 O-O 6. c4 dxc4 7. Qc2 a6 8. a4
Bd7 9. Qxc4 Bc6 10. Bg5 Nbd7 11. Nc3 Nd5 12. Bxe7 Qxe7 13. Nxd5 Bxd5 14. Qxc7
Rac8 15. Qf4 Nf6 16. Qd2 Ne4 17. Qe3 Qb4 18. Ne5 Nd2 19. Rfd1 Nc4 20. Nxc4 Rxc4
21. Bxd5 exd5 22. b3 Rc3 23. Rd3 Rxd3 24. Qxd3 Rc8 25. Qf5 Rd8 26. Qg5 Re8 27.
Qxd5 Rxe2 28. Qd8+ Qf8 29. Qxf8+ Kxf8 30. Rc1 b5 31. axb5 axb5 32. Rc5 Rd2 33.
Rxb5 Rxd4 34. Re5 Rd1+ 35. Kg2 Rb1 36. Re3 h5 37. h4 Rb2 38. Kf3 g6 39. Rd3 Ke7
40. Ke3 Ke6 41. f4 Kf5 42. Kd4 Rb1 43. Re3 Rd1+ 44. Kc4 Rd8 45. b4 Rc8+ 46. Kd5
Rb8 47. Rb3 f6 48. b5 g5 49. fxg5 fxg5 50. hxg5 Kxg5 51. b6 Kg4 52. b7 Rxb7 53.
Rxb7 Kxg3 54. Ke4 h4 55. Ke3 h3 56. Rg7+ Kh2 57. Kf2 Kh1 58. Rg1+ Kh2 59. Rg3
Kh1 60. Rxh3# 1-0

[Event "35. Open Ciutat de Badalona"]
[Site "Badalona ESP"]
[Date "2009.08.09"]
[Round "9.3"]
[White "Bacallao Alonso, Yusnel"]
[Black "Sundararajan, Kidambi"]
[Result "0-1"]
[WhiteElo "2467"]
[BlackElo "2506"]
[PlyCount "86"]
[EventDate "2009.08.01"]
[EventType "swiss"]
[EventRounds "9"]
[EventCountry "ESP"]
[Source "lmi"]
[SourceDate "2009.08.01"]

1. e4 e5 2. Nf3 Nc6 3. Bb5 a6 4. Ba4 Nf6 5. d3 d6 6. c3 g6 7. O-O Bg7 8. Bg5 h6
9. Bh4 Bd7 10. Nbd2 O-O 11. Re1 Qe8 12. Bb3 Nh5 13. Nc4 Kh8 14. Ne3 f5 15. exf5
gxf5 16. Nd5 Rc8 17. d4 e4 18. Nd2 Qg6 19. f3 Be6 20. fxe4 fxe4 21. Re3 Rf5 22.
Ne7 Nxe7 23. Bxe6 Nf4 24. g4 Nxe6 25. Rxe4 Rf7 26. Qe1 Ng5 27. Rxe7 Rxe7 28.
Qxe7 Re8 29. Qd7 Nh3+ 30. Kh1 Re2 31. Nf3 Nf2+ 32. Bxf2 Rxf2 33. Nh4 Qe4+ 34.
Kg1 Qe3 35. Ng2 Qe2 36. Nh4 Rf6 37. Qd8+ Kh7 38. Nf5 Qxg4+ 39. Ng3 h5 40. Rf1
Rg6 41. Kf2 h4 42. Ne2 Re6 43. Ng1 h3 0-1

[Event "35. Open Ciutat de Badalona"]
[Site "Badalona ESP"]
[Date "2009.08.09"]
[Round "9.4"]
[White "Narciso Dublan, Marc"]
[Black "Peralta, Fernando"]
[Result "1-0"]
[WhiteElo "2553"]
[BlackElo "2574"]
[PlyCount "95"]
[EventDate "2009.08.01"]
[EventType "swiss"]
[EventRounds "9"]
[EventCountry "ESP"]
[Source "lmi"]
[SourceDate "2009.08.01"]

1. e4 c6 2. d4 d5 3. exd5 cxd5 4. Bd3 Nc6 5. c3 Qc7 6. Bg5 Nf6 7. Nd2 Bg4 8.
Be2 Bf5 9. Ngf3 e6 10. Bh4 Bd6 11. Bg3 O-O 12. Bxd6 Qxd6 13. O-O Rab8 14. Qa4
Qc7 15. Nb3 b6 16. Rfe1 Ne4 17. Nc1 h6 18. Bd3 Na5 19. Ne5 f6 20. Nf3 Nc4 21.
Qc2 Rfe8 22. Re2 Rbc8 23. Ne1 Qf4 24. Nb3 a5 25. g3 Qc7 26. Ng2 Qd7 27. Ne3
Ned6 28. Nxf5 exf5 29. Nd2 f4 30. Nf3 Rxe2 31. Bxe2 Ne4 32. Re1 Ncd6 33. Qb3
Qc6 34. Bb5 Qb7 35. Bd3 Re8 36. Nh4 fxg3 37. hxg3 Qc6 38. Ng2 Nc4 39. Nf4 Ned2
40. Rxe8+ Qxe8 41. Qd1 Ne4 42. Nxd5 Ncd6 43. Qe2 Kf8 44. Nxb6 Qc6 45. Bxe4 Nxe4
46. d5 Qxb6 47. Qxe4 Qxb2 48. Qe6 1-0

[Event "35. Open Ciutat de Badalona"]
[Site "Badalona ESP"]
[Date "2009.08.09"]
[Round "9.5"]
[White "Munoz Pantoja, Miguel"]
[Black "Vedder, Richard"]
[Result "1-0"]
[WhiteElo "2427"]
[BlackElo "2333"]
[PlyCount "107"]
[EventDate "2009.08.01"]
[EventType "swiss"]
[EventRounds "9"]
[EventCountry "ESP"]
[Source "lmi"]
[SourceDate "2009.08.01"]

1. e4 e6 2. d4 d5 3. Nd2 c5 4. Ngf3 Nf6 5. Bb5+ Bd7 6. Bxd7+ Nbxd7 7. exd5 Nxd5
8. O-O Be7 9. c4 N5f6 10. b3 O-O 11. Bb2 cxd4 12. Nxd4 Qc7 13. Qe2 Rfe8 14.
N2f3 h6 15. Nb5 Qb8 16. Ne5 a6 17. Rfd1 Nf8 18. Nd4 Qc7 19. Rd3 Bd6 20. Nc2
Rad8 21. Rad1 Be7 22. Bd4 N8d7 23. Nxd7 Nxd7 24. Ne3 Nc5 25. R3d2 Ne4 26. Qg4
Nf6 27. Qf3 Qc6 28. Qxc6 bxc6 29. Bxf6 Bxf6 30. Ng4 Bg5 31. Rxd8 Rxd8 32. Rxd8+
Bxd8 33. Ne5 c5 34. Nd7 Be7 35. Nb8 Bd6 36. Nxa6 Kf8 37. a3 Ke8 38. b4 cxb4 39.
axb4 Kd7 40. c5 Be5 41. b5 Bd4 42. Kf1 e5 43. f3 f5 44. Ke2 e4 45. fxe4 fxe4
46. h3 h5 47. Kd2 g6 48. Kc2 Bg1 49. Kc3 Bf2 50. Kc4 h4 51. Nb4 Ke6 52. b6 Kd7
53. Kb5 e3 54. c6+ 1-0

[Event "35. Open Ciutat de Badalona"]
[Site "Badalona ESP"]
[Date "2009.08.09"]
[Round "9.6"]
[White "Garcia Castro, Pablo"]
[Black "Ramiro Ovejero, Juan Luis"]
[Result "1/2-1/2"]
[WhiteElo "2390"]
[BlackElo "2348"]
[PlyCount "63"]
[EventDate "2009.08.01"]
[EventType "swiss"]
[EventRounds "9"]
[EventCountry "ESP"]
[Source "lmi"]
[SourceDate "2009.08.01"]

1. Nf3 d5 2. d3 Nc6 3. Nbd2 e5 4. e4 Nf6 5. Be2 Be7 6. O-O O-O 7. a3 a5 8. b3
d4 9. Ne1 Be6 10. g3 Ne8 11. Ng2 Nd6 12. f4 exf4 13. Nxf4 Ne5 14. Nf3 Nxf3+ 15.
Bxf3 Bf6 16. Nxe6 fxe6 17. Bg4 Qe7 18. Bh3 Nf7 19. Qg4 Rae8 20. Bd2 Ne5 21. Qe2
b6 22. b4 axb4 23. axb4 h6 24. Kh1 Bg5 25. Bf4 Bxf4 26. gxf4 Qh4 27. Bxe6+ Rxe6
28. fxe5 Rxf1+ 29. Rxf1 Rxe5 30. Qf3 Qe7 31. Qf2 c5 32. bxc5 1/2-1/2

[Event "35. Open Ciutat de Badalona"]
[Site "Badalona ESP"]
[Date "2009.08.09"]
[Round "9.7"]
[White "Del Valle Cirera, Adria"]
[Black "Ipatov, Alexander"]
[Result "0-1"]
[WhiteElo "2200"]
[BlackElo "2454"]
[PlyCount "94"]
[EventDate "2009.08.01"]
[EventType "swiss"]
[EventRounds "9"]
[EventCountry "ESP"]
[Source "lmi"]
[SourceDate "2009.08.01"]

1. e4 Nc6 2. Nf3 d6 3. d4 Bg4 4. Be2 Nf6 5. Nc3 g6 6. Be3 Bg7 7. Qd2 a6 8. Rd1
O-O 9. d5 Na7 10. Bh6 Nb5 11. Bxg7 Kxg7 12. a4 Nxc3 13. Qxc3 Kg8 14. Qe3 Qe8
15. b3 e6 16. dxe6 Qxe6 17. Nd4 Qe5 18. f3 Bd7 19. Bd3 Nd5 20. Qf2 Nf4 21. Ne2
Qa5+ 22. Kf1 Nxd3 23. Rxd3 f5 24. Rd5 Qb4 25. exf5 Bxf5 26. Qd4 Qxd4 27. Nxd4
Be4 28. Rg5 Rae8 29. b4 c5 30. bxc5 h6 31. Rg4 dxc5 32. Nb3 Bxc2 33. Nxc5 Rc8
34. Ne4 Bxe4 35. Rxe4 Rc1+ 36. Re1 Rxe1+ 37. Kxe1 Rf4 38. Kf2 Rxa4 39. Rc1 b5
40. Rc6 Kf7 41. Rc7+ Ke6 42. Rc6+ Kd5 43. Rxg6 b4 44. Rxh6 b3 45. Rb6 Kc4 46.
Rc6+ Kb5 47. Rc8 Rb4 0-1

[Event "35. Open Ciutat de Badalona"]
[Site "Badalona ESP"]
[Date "2009.08.09"]
[Round "9.9"]
[White "Lasinskas, Povilas"]
[Black "Satyapragyan, Swayangsu"]
[Result "1-0"]
[WhiteElo "2268"]
[BlackElo "2423"]
[PlyCount "124"]
[EventDate "2009.08.01"]
[EventType "swiss"]
[EventRounds "9"]
[EventCountry "ESP"]
[Source "lmi"]
[SourceDate "2009.08.01"]

1. d4 Nf6 2. Nc3 d5 3. Bg5 c6 4. e3 Nbd7 5. f4 e6 6. Bd3 Qa5 7. a3 c5 8. Nf3 c4
9. Be2 Ne4 10. O-O Nxc3 11. bxc3 Qxc3 12. Qc1 Qa5 13. Bh4 Bd6 14. c3 f6 15. Nd2
Nb6 16. Ra2 Bd7 17. e4 Be7 18. f5 dxe4 19. fxe6 Bxe6 20. Nxe4 O-O 21. Bd1 Rae8
22. Bg3 Nd5 23. Rc2 Qd8 24. Rcf2 f5 25. Nc5 Bg5 26. Qb2 f4 27. h4 Bxh4 28. Bxh4
Qxh4 29. Qxb7 Qe7 30. Qc6 Ne3 31. Bf3 Bc8 32. Re1 Rd8 33. Qe4 Qxe4 34. Bxe4 g5
35. Rb2 Rfe8 36. Bc6 Rf8 37. Rb8 Rd6 38. Be4 h6 39. Ra8 a6 40. Ra7 h5 41. Re7
g4 42. Rh7 Bf5 43. Rxh5 Bxe4 44. Nxe4 Rg6 45. Kf2 Nc2 46. Reh1 Kf7 47. Rh7+ Ke6
48. R1h5 g3+ 49. Kg1 Rf5 50. Nc5+ Kf6 51. Nd7+ Ke6 52. d5+ Rxd5 53. Nf8+ Kd6
54. Rxd5+ Kxd5 55. Nxg6 Nxa3 56. Nxf4+ Ke4 57. Ne2 Kd3 58. Nxg3 Nb5 59. Rh6 a5
60. Ra6 Kxc3 61. Rxa5 Kb4 62. Rxb5+ Kxb5 1-0

[Event "35. Open Ciutat de Badalona"]
[Site "Badalona ESP"]
[Date "2009.08.09"]
[Round "9.10"]
[White "Matsenko, Sergei"]
[Black "Gomez Jurado, Luis Alberto"]
[Result "1-0"]
[WhiteElo "2432"]
[BlackElo "2282"]
[PlyCount "75"]
[EventDate "2009.08.01"]
[EventType "swiss"]
[EventRounds "9"]
[EventCountry "ESP"]
[Source "lmi"]
[SourceDate "2009.08.01"]

1. e4 c5 2. Nf3 Nc6 3. d4 cxd4 4. Nxd4 Nf6 5. Nc3 e5 6. Ndb5 d6 7. Bg5 a6 8.
Na3 b5 9. Nd5 Be7 10. Bxf6 Bxf6 11. c4 b4 12. Nc2 a5 13. Qf3 Be6 14. Rd1 a4 15.
Ndxb4 Qa5 16. a3 O-O 17. Be2 Nd4 18. Nxd4 exd4 19. O-O Rfc8 20. Bd3 Bxc4 21.
Bxc4 Rxc4 22. Rc1 Rac8 23. Rxc4 Rxc4 24. g3 h6 25. Qd3 Qc5 26. Rd1 Bd8 27. Rd2
Ba5 28. Rc2 Rxc2 29. Nxc2 Bb6 30. Kg2 d5 31. Nb4 dxe4 32. Qxe4 Qc8 33. Nc6 Qd7
34. Qd5 Qb7 35. Nb4 Qe7 36. Nc2 g6 37. Qa8+ Kg7 38. Qxa4 1-0